000
00232nam a2200109Ia 4500
999
_c
7659
_d
7659
020
_a
978-0133406788
100
_a
Michael P. Todaro
245
0
_a
Economic Development
260
_a
USA
_b
Education
_c
2000
300
_a
782
942
_c
BK